Dans quelle mythologie apparaît ce type de divinités? - Statistiques

Statistiques générales
  • Ce quiz a été pris 42 fois
  • Le résultat moyen est 5 sur 14
Statistiques - réponses
Dvinités Mythologie % Correct
Nymphes Grecque
89%
Valkyries Nordique
87%
Yokai Japonaise
76%
Djinn Arabe
66%
Hiéracosphinx Egyptienne
63%
Lares Romaine
34%
Boddhisattva Bouddhiste
26%
Sylphes Celte
26%
Deva Hindoue
24%
Meis Chinoise
5%
Liéchis Slave
5%
Aziza Africaine
3%
Kachinas Amérindienne
0%
Adlet Inuite
0%
Aucun quiz correspondant
Distribution des résultats
% des personnes avec chaque résultat
Percentile par nombre de réponses
Votre historique - résultats
Vous n’avez pas pris ce quiz